| Поле | Название | Значение |
| |
Тип записи |
a |
| |
Библиографический уровень |
c |
| 001 |
Контрольный номер |
RU/ГПНТБ России/KNIGADB/-857361447 |
| 005 |
Дата корректировки |
20231215122407.1 |
| 010 |
Индекс ISBN |
__ |
| a |
ISBN |
978-5-9922-2657-7 |
| b |
Уточнения |
в пер. |
| 9 |
Тираж |
3000 экз. |
| d |
Цена |
1023-51 |
| 100 |
Данные общей обработки |
__ |
| a |
Данные общей обработки |
20230615d2018 m y0rusy028902 ca |
| 101 |
Язык документа |
0_ |
| a |
Язык текста |
rus |
| 102 |
Страна публикации |
__ |
| a |
Страна публикации |
RU |
| 105 |
Кодированные данные (монография) |
__ |
| a |
Кодированные данные (монография) |
c z 001ay |
| 181 |
Поле кодированных данных: вид содержания |
_0 |
| a |
Код вида содержания (ISBD) |
i |
| 182 |
Поле кодированных данных: тип средства |
_0 |
| a |
Код типа средства (ISBD) |
n |
| 200 |
Заглавие и сведения об ответственности |
1_ |
| a |
Заглавие |
Полное собрание рассказов в одном томе |
| f |
Первые сведения об ответственности |
Михаил Зощенко |
| 203 |
Вид содержания и тип средства |
__ |
| a |
Вид содержания |
Текст |
| c |
Тип средства |
непосредственный |
| 210 |
Выходные данные |
1_ |
| a |
Место издания |
Москва |
| c |
Издательство |
Альфа-книга |
| d |
Дата издания |
2018 |
| 215 |
Физическое описание |
__ |
| a |
Объем |
1278 с. |
| d |
Формат |
24 см |
| c |
Иллюстрации/тип воспроизводства |
портр. |
| 225 |
Серия |
2_ |
| a |
Серия |
Полное собрание в одном томе |
| 320 |
Библиография |
__ |
| a |
Библиография |
Алфавитный указатель: с. [1259]-1265 |
| 330 |
Аннотация |
__ |
| a |
Аннотация |
В одном томе собраны все рассказы знаменитого писателя-сатирика, классика русской литературы Михаила Зощенко (1894-1958). |
| 464 |
Аналитический уровень |
_0 |
| 1 |
|
2001 |
| a |
|
Умные животные |
| 464 |
Аналитический уровень |
_0 |
| 1 |
|
2001 |
| a |
|
Показательный ребенок |
| 464 |
Аналитический уровень |
_0 |
| 1 |
|
2001 |
| a |
|
Леля и Минька |
| 464 |
Аналитический уровень |
_0 |
| 1 |
|
2001 |
| a |
|
Хитрые и умные |
| 464 |
Аналитический уровень |
_0 |
| 1 |
|
2001 |
| a |
|
Храбрые дети |
| 464 |
Аналитический уровень |
_0 |
| 1 |
|
2001 |
| a |
|
Елка |
| 464 |
Аналитический уровень |
_0 |
| 1 |
|
2001 |
| a |
|
Великие путешественники |
| 464 |
Аналитический уровень |
_0 |
| 1 |
|
2001 |
| a |
|
Любимое занятие |
| 464 |
Аналитический уровень |
_0 |
| 1 |
|
2001 |
| a |
|
Кто ваши родители? |
| 464 |
Аналитический уровень |
_0 |
| 1 |
|
2001 |
| a |
|
Смелый, да не очень |
| 606 |
Тематические рубрики |
__ |
| a |
Основная рубрика |
Художественная литература |
| 2 |
Код системы |
nlr_sh |
| 606 |
Тематические рубрики |
__ |
| 2 |
Код системы |
nlr_sh |
| a |
Основная рубрика |
Русская литература XX в. (произведения) |
| 610 |
Ключевые слова |
0_ |
| a |
Ключевые слова |
русская литература |
| 610 |
Ключевые слова |
0_ |
| a |
Ключевые слова |
советская литература |
| 610 |
Ключевые слова |
0_ |
| a |
Ключевые слова |
рассказы |
| 610 |
Ключевые слова |
0_ |
| a |
Ключевые слова |
юмористические рассказы |
| 610 |
Ключевые слова |
0_ |
| a |
Ключевые слова |
детские рассказы |
| 610 |
Ключевые слова |
0_ |
| a |
Ключевые слова |
сатирическая литература |
| 610 |
Ключевые слова |
0_ |
| a |
Ключевые слова |
сатирические рассказы |
| 610 |
Ключевые слова |
0_ |
| a |
Ключевые слова |
сатира |
| 686 |
Индексы других классификаций |
__ |
| 2 |
Код системы |
rubbks |
| a |
Классификационный индекс |
84(2=411.2)6-4; ст84(2=411.2)6-4 |
| 700 |
Автор |
_1 |
| a |
Фамилия |
Зощенко |
| b |
Имя |
М. М. |
| g |
Полное личное имя |
Михаил Михайлович |
| f |
Даты |
1894-1958 |
| 4 |
Код отношения |
070 |
| 801 |
Источник записи |
_0 |
| b |
Организация |
ГПНТБ России |
| a |
Страна |
RU |
| c |
Дата составления |
20230615 |
| g |
Правила каталогизации |
PSBO |
| 801 |
Источник записи |
_1 |
| b |
Организация |
ГПНТБ России |
| a |
Страна |
RU |
| c |
Дата составления |
20230615 |
| g |
Правила каталогизации |
PSBO |
| 852 |
Данные о местонахождении |
5_ |
| j |
Шифр хранения |
84(2=411.2)6-4 |
| i |
Авторский знак |
З-88 |
| 900 |
Макрообъекты |
__ |
| a |
Макрообъекты |
Полное собрание рассказов в одном томе. Зощенко М. М., 2018 |
| 901 |
Тип документа |
__ |
| a |
Ответственный |
КиК/Обаева |
| t |
Тип документа |
x |
| 903 |
Характеристики (МАРС) |
__ |
| a |
Дата передачи |
20230615 |
| c |
Наименование библиотеки (МАРС) |
Муниципальное бюджетное учреждение культуры "Централизованная библиотечная система" г. Сургут (Центральная городская библиотека им. А. С. Пушкина) |
| 990 |
Данные о заказе (DOS) |
__ |
| j |
Количество экземпляров (DOS) |
2 |
| t |
N записи в КСУ для И/У (DOS) |
202307 |